| 000 | 00354nam a22001217a 4500 | ||
|---|---|---|---|
| 082 | _a220 PRO | ||
| 100 |
_aHAMZA,NOUMAN,FAISAL _971901 |
||
| 245 | _aPR-SOF-1378-DESIGN AND FABRICATION OF VEHICLE DOOR USING COMPOSITE MATERIALS | ||
| 260 |
_aISLAMABAD _bNUST COLLEGE OF EME _c2014 |
||
| 650 | _aDE-MECH-32 | ||
| 700 |
_aRAJA AMER AZIM _970284 |
||
| 942 | _cCR | ||
| 999 |
_c578170 _d578170 |
||